| 000 | 00465nam a22001697a 4500 | ||
|---|---|---|---|
| 005 | 20251021105005.0 | ||
| 008 | 251021b |||||||| |||| 00| 0 eng d | ||
| 020 | _a9788120808980 | ||
| 040 | _cILCL | ||
| 041 |
_2eng _aeng |
||
| 084 | _aZ(44),17 Q8 | ||
| 100 |
_aSharma, Ram Sharan _9848793 |
||
| 245 | _aAspects of Politics Ideas and Institutions in Ancient India | ||
| 260 |
_aDelhi _bMotilal Banarasidass _c2018 |
||
| 300 | _axxxi,462p. | ||
| 942 |
_2CC _cTB |
||
| 999 |
_c1464867 _d1464867 |
||